[Event "COL-ch sf2 U16"]
[Site "Cartagena"]
[Date "2016.04.30"]
[Round "5.2"]
[White "Marcial Torres, Jesus"]
[Black "Vasquez, Jhon Wilmar"]
[Result "1-0"]
[WhiteElo "2037"]
[BlackElo "1574"]
[PlyCount "71"]
[EventDate "2016.04.28"]
[EventType "swiss"]
[EventRounds "6"]
[EventCountry "COL"]
[SourceTitle "EXT 2024"]
[Source "ChessBase"]
[SourceDate "2023.10.10"]
[SourceVersion "1"]
[SourceVersionDate "2023.10.10"]
[SourceQuality "1"]

1. e4 c5 2. d4 e6 3. Nf3 Nc6 4. dxc5 Bxc5 5. Bc4 Nge7 6. 0-0 0-0 7. Nc3 a6 8. a4 Qc7 9. Qe2 Nd4 10. Nxd4 Bxd4 11. Rd1 Ba7 12. Bd3 Nc6 13. Kh1 b6 14. f4 Bb7 15. Rf1 Nb4 16. Rf3 Nxd3 17. cxd3 f5 18. Rh3 g6 19. Be3 d6 20. Rg3 Qd7 21. h4 e5 22. Rf1 Rf6 23. h5 Raf8 24. hxg6 Rxg6 25. Rh3 exf4 26. Rxf4 fxe4 27. Rxf8+ Kxf8 28. dxe4 Rf6 29. Bd4 Rf7 30. Qh5 Bc6 31. Qh6+ Ke8 32. Rg3 Rf8 33. Rg7 Qc8 34. Qh5+ Kd8 35. Qh4+ Ke8 36. Qe7# 1-0

[Event "COL-ch U17"]
[Site "Cartagena"]
[Date "2015.11.27"]
[Round "2.3"]
[White "Martinez Caamano, Jesus David"]
[Black "Marcial Torres, Jesus"]
[Result "0-1"]
[WhiteElo "1478"]
[BlackElo "1896"]
[PlyCount "54"]
[EventDate "2015.11.26"]
[EventType "swiss"]
[EventRounds "6"]
[EventCountry "COL"]
[SourceTitle "EXT 2024"]
[Source "ChessBase"]
[SourceDate "2023.10.10"]
[SourceVersion "1"]
[SourceVersionDate "2023.10.10"]
[SourceQuality "1"]

1. e4 e6 2. d4 d5 3. e5 c5 4. c3 Nc6 5. Nf3 Qb6 6. Na3 cxd4 7. cxd4 Bxa3 8. bxa3 Nge7 9. Be2 Nf5 10. Be3 Qa5+ 11. Qd2 Qxa3 12. 0-0 0-0 13. Qd3 Qxd3 14. Bxd3 Nxe3 15. fxe3 Nb4 16. Bb1 Bd7 17. a3 Nc6 18. Ra2 Rac8 19. Bd3 Na5 20. Nd2 Rc3 21. Be2 Rxe3 22. Rf3 Rxe2 23. Rb2 Re1+ 24. Kf2 Rc1 25. Nb3 Nxb3 26. Rfxb3 b6 27. a4 Bxa4 0-1

[Event "Bogota IRT Categoria A U14"]
[Site "Bogota"]
[Date "2013.10.28"]
[Round "3.2"]
[White "Ricciulli Vargas, Roberth Eliece"]
[Black "Marcial Torres, Jesus"]
[Result "0-1"]
[WhiteElo "1740"]
[BlackElo "1856"]
[PlyCount "78"]
[EventDate "2013.10.27"]
[EventType "swiss"]
[EventRounds "5"]
[EventCountry "COL"]
[SourceTitle "EXT 2024"]
[Source "ChessBase"]
[SourceDate "2023.10.10"]
[SourceVersion "1"]
[SourceVersionDate "2023.10.10"]
[SourceQuality "1"]

1. e4 e6 2. d4 d5 3. exd5 exd5 4. Bd3 Bd6 5. Nf3 Ne7 6. 0-0 Bf5 7. Re1 Bxd3 8. Qxd3 Nd7 9. Nc3 c6 10. Ne2 Qc7 11. Ng3 0-0 12. Nf5 Nxf5 13. Qxf5 Nf6 14. Ne5 Rfe8 15. Bf4 Qc8 16. Qxc8 Raxc8 17. Kf1 Ne4 18. f3 Bxe5 19. Bxe5 Nd2+ 20. Kf2 Nc4 21. Rab1 f6 22. Bf4 g5 23. Bc1 Kf7 24. b3 Nd6 25. Ba3 Nb5 26. Bb2 Rxe1 27. Rxe1 c5 28. dxc5 Rxc5 29. Re2 d4 30. Rd2 Rc7 31. a4 Nc3 32. Rxd4 Nxa4 33. Ba1 Rxc2+ 34. Kg3 Nc5 35. Rc4 Rxc4 36. bxc4 Nd3 37. Kg4 Kg6 38. Bd4 h5+ 39. Kg3 h4+ 0-1